| 000 | 00621nam a2200241Ia 4500 | ||
|---|---|---|---|
| 008 | 170712s9999 xx 000 0 und d | ||
| 020 | _a9719143207 | ||
| 050 | _a380.1 | ||
| 050 | _bM672 2002 | ||
| 100 | _aMiranda, Gregorio S. | ||
| 245 | _aInternational trade / | ||
| 245 | _cby Gregorio S. Miranda. | ||
| 260 | _aPhilippines : | ||
| 260 | _bL & G Business House, | ||
| 260 | _c2002 | ||
| 300 | _a370 pages : | ||
| 300 | _billustrations ; | ||
| 300 | _c22cm. | ||
| 500 | _aIncludes bibliography. | ||
| 650 | _aInternational economic relations. | ||
| 650 | _aInvestments, Foreign. | ||
| 650 | _aTitle. | ||
| 999 |
_c340436 _d340436 |
||